[Event "African Individual Championshi"]
[Site "Windhoek"]
[Date "2007.09.01"]
[Round "1"]
[White "Amin, Bassem"]
[Black "Khetho, Phemelo"]
[Result "1-0"]
[WhiteElo "2535"]
[BlackElo "2240"]
[PlyCount "51"]
[EventDate "2007.09.01"]

1. Nf3 Nf6 2. g3 d5 3. Bg2 c5 4. O-O Nc6 5. d3 e6 6. Nbd2 Be7 7. e4 O-O 8. Re1
b5 9. e5 Nd7 10. Nf1 a5 11. h4 b4 12. N1h2 a4 13. a3 bxa3 14. bxa3 Qa5 15. Bd2
Qc7 16. Bf4 Ba6 17. Ng4 Qa5 18. h5 Rfb8 19. h6 g6 20. Bg5 Rb2 21. Qc1 Rab8 22.
c4 d4 23. Qf4 Qd8 24. Bxe7 Nxe7 25. Ng5 Nf5 26. Bc6 1-0

[Event "African Individual Championshi"]
[Site "Windhoek"]
[Date "2007.09.01"]
[Round "1"]
[White "Adly, Ahmed"]
[Black "Solomons, Deon"]
[Result "0-1"]
[WhiteElo "2488"]
[BlackElo "2233"]
[PlyCount "68"]
[EventDate "2007.09.01"]

1. d4 Nf6 2. c4 g6 3. Nf3 Bg7 4. g3 O-O 5. Bg2 d6 6. O-O Nbd7 7. Nc3 e5 8. e4
Re8 9. d5 a5 10. Be3 Nc5 11. Ne1 Ng4 12. Bxc5 dxc5 13. Nd3 b6 14. a3 Bd7 15. b4
axb4 16. axb4 Rxa1 17. Qxa1 cxb4 18. Nxb4 Bf8 19. Nd3 Bd6 20. h3 Nh6 21. Qc1
Kg7 22. Qe3 Qc8 23. g4 f6 24. Ra1 Nf7 25. c5 bxc5 26. Nxc5 Rh8 27. Bf1 h5 28.
Bb5 Bxc5 29. Qxc5 hxg4 30. Ra7 gxh3 31. Rxc7 h2+ 32. Kh1 Bh3 33. Kxh2 Bf1+ 34.
Kg1 Rh1+ 0-1

[Event "African Individual Championshi"]
[Site "Windhoek"]
[Date "2007.09.01"]
[Round "1"]
[White "Steel, Henry Robert"]
[Black "Abdelnabbi, Imed"]
[Result "0-1"]
[WhiteElo "2200"]
[BlackElo "2484"]
[PlyCount "74"]
[EventDate "2007.09.01"]

1. e4 c5 2. b3 e6 3. Bb2 Nc6 4. f4 Nge7 5. Nf3 d5 6. e5 Nf5 7. Bb5 Bd7 8. Bd3
g6 9. O-O c4 10. Bxf5 gxf5 11. d4 cxd3 12. cxd3 Qb6+ 13. Kh1 Qa6 14. a3 d4 15.
Qe2 Rg8 16. Nbd2 Rg4 17. Ng5 h6 18. Nh7 Be7 19. Ne4 O-O-O 20. Nef6 Rg6 21. Rfc1
Kb8 22. b4 Bc8 23. Qf3 Rh8 24. Rab1 Qb5 25. Ba1 Rg7 26. a4 Qxa4 27. b5 Nb4 28.
Bxd4 Qxb5 29. Bc3 a5 30. Bxb4 Bxb4 31. Qh3 Rhxh7 32. Nxh7 Rxh7 33. Qg3 Rh8 34.
Qg7 Qe8 35. Rc2 Bd7 36. Qg3 Bc6 37. Qe3 Qd8 0-1

[Event "African Individual Championshi"]
[Site "Windhoek"]
[Date "2007.09.01"]
[Round "1"]
[White "Belkhodja, Slim"]
[Black "Mwali, Chitumbo"]
[Result "1-0"]
[WhiteElo "2478"]
[BlackElo "2163"]
[PlyCount "91"]
[EventDate "2007.09.01"]

1. e4 e5 2. Nf3 Nc6 3. Bb5 a6 4. Ba4 Nf6 5. O-O b5 6. Bb3 Be7 7. a4 Bb7 8. d3
O-O 9. Nc3 b4 10. Nd5 Na5 11. Nxe7+ Qxe7 12. Ba2 d6 13. Nh4 Bc8 14. Qf3 b3 15.
cxb3 c5 16. Bg5 Nc6 17. Qg3 Nd4 18. Rae1 Re8 19. b4 cxb4 20. Bd5 Ra7 21. f4 Nh5
22. Qf2 Qf8 23. fxe5 dxe5 24. Be3 Nf6 25. Bxd4 exd4 26. Bc4 Qc5 27. Ra1 Qh5 28.
Qxd4 Rd7 29. Qf2 Ng4 30. Qg3 Rde7 31. Nf5 Bxf5 32. Rxf5 Qh6 33. Raf1 Qb6+ 34.
Kh1 Nh6 35. Rf6 Qc7 36. Qxc7 Rxc7 37. Rxa6 Ng4 38. h3 Ne3 39. Rc1 h6 40. Rb6
Kh8 41. Rxb4 f5 42. exf5 Nxf5 43. Kh2 h5 44. Rb5 g6 45. Rf1 Re2 46. Rbxf5 1-0

[Event "African Individual Championshi"]
[Site "Windhoek"]
[Date "2007.09.01"]
[Round "1"]
[White "Oatlhotse, Providence"]
[Black "Ezat, Mohamed"]
[Result "0-1"]
[WhiteElo "2154"]
[BlackElo "2438"]
[PlyCount "154"]
[EventDate "2007.09.01"]

1. d4 Nf6 2. c4 c5 3. Nf3 cxd4 4. Nxd4 e5 5. Nb5 d5 6. cxd5 Bc5 7. N5c3 O-O 8.
e3 e4 9. Be2 Qe7 10. O-O Rd8 11. a3 Nbd7 12. b4 Bd6 13. Bb2 Nb6 14. Nd2 Nbxd5
15. Nb5 Bb8 16. Rc1 h5 17. Nd4 Qe5 18. g3 Qg5 19. Qc2 Qg6 20. Rfe1 h4 21. Nf1
Bh3 22. Bd1 Ng4 23. f3 Ndxe3 24. Nxe3 Nxe3 25. Qxe4 hxg3 26. Qxg6 gxh2+ 27. Kh1
fxg6 28. Rxe3 Bf4 29. Re4 Bxc1 30. Bxc1 Bf5 31. Bb3+ Kf8 32. Rf4 Rac8 33. Bd2
Ke7 34. Kxh2 Kf6 35. Kg3 Ke5 36. Nxf5 gxf5 37. Be1 Rd3 38. Rc4 Rxc4 39. Bxc4
Rxa3 40. b5 g5 41. Bb4 Re3 42. Bd2 Ra3 43. Bb4 Ra4 44. Bc3+ Kd6 45. Bd3 Ke6 46.
Bc2 Rh4 47. Bb3+ Ke7 48. Be1 Kf6 49. Bd5 Rh7 50. Bc3+ Kg6 51. Be5 Rd7 52. Bc4
Rd1 53. Bb8 Rc1 54. Be2 Rc2 55. Bf1 Ra2 56. Be5 Ra5 57. Bc7 Ra3 58. Kf2 Rb3 59.
Be5 Rb4 60. Bd3 Ra4 61. Bc7 Ra1 62. Ke3 Re1+ 63. Kf2 Rd1 64. Ke3 Re1+ 65. Kf2
Rc1 66. Bb8 Ra1 67. Bc4 a5 68. b6 a4 69. Bd5 Rb1 70. Bc7 a3 71. Ke3 Rb2 72. Bd6
a2 73. Bxa2 Rxa2 74. Kd4 Kf6 75. Kd5 Rd2+ 76. Kc5 Ke6 77. Bb8 Rd3 0-1

[Event "African Individual Championshi"]
[Site "Windhoek"]
[Date "2007.09.01"]
[Round "1"]
[White "Simutowe, Amon"]
[Black "Magana, Ben"]
[Result "1-0"]
[WhiteElo "2421"]
[BlackElo "2151"]
[PlyCount "65"]
[EventDate "2007.09.01"]

1. c4 e5 2. Nc3 Nc6 3. g3 Nf6 4. Bg2 Bc5 5. e3 O-O 6. Nge2 Re8 7. d3 a6 8. a3
d6 9. O-O Bg4 10. h3 Bf5 11. b4 Bb6 12. d4 Qd7 13. c5 Ba7 14. g4 Bg6 15. d5 Nd8
16. Ng3 h6 17. cxd6 Qxd6 18. Nce4 Nxe4 19. Nxe4 Qd7 20. Bb2 Rc8 21. Rc1 f5 22.
gxf5 Bxf5 23. Kh2 Nf7 24. Nc5 Bxc5 25. bxc5 Ng5 26. h4 Ne4 27. f3 Nf6 28. e4
Bg6 29. Bh3 Qe7 30. d6 cxd6 31. Bxc8 Rxc8 32. cxd6 Ng4+ 33. Kg3 1-0

[Event "African Individual Championshi"]
[Site "Windhoek"]
[Date "2007.09.01"]
[Round "1"]
[White "Sarwat, Walaa"]
[Black "Kawuma, Steven Male"]
[Result "0-1"]
[WhiteElo "2388"]
[BlackElo "2144"]
[PlyCount "94"]
[EventDate "2007.09.01"]

1. e4 c5 2. Nf3 Nc6 3. Bb5 d6 4. d4 cxd4 5. Qxd4 Bd7 6. Bxc6 Bxc6 7. Nc3 Nf6 8.
Bg5 Qa5 9. Qd2 Rc8 10. Nd4 Bd7 11. Nb3 Qc7 12. O-O-O e6 13. f4 b5 14. e5 dxe5
15. fxe5 Ng4 16. Kb1 Nxe5 17. Rhe1 f6 18. Rxe5 fxe5 19. Qe2 Bb4 20. Nxb5 Qc4
21. Qxc4 Rxc4 22. c3 Be7 23. Bxe7 Kxe7 24. Nd6 Rf4 25. Nc5 Bc6 26. g3 Rf2 27.
Nc4 e4 28. Rd6 Bd5 29. Rd7+ Kf6 30. Ne3 h5 31. c4 Ba8 32. Rxa7 Rxh2 33. Nd7+
Kg6 34. Ne5+ Kh7 35. Nf7 Rb8 36. b3 Re2 37. Nc2 e3 38. Kc1 Kg8 39. Ng5 Rf8 40.
Nxe6 Rf1+ 41. Kb2 Rxc2+ 42. Kxc2 Be4+ 43. Kb2 e2 44. Rxg7+ Kh8 45. Re7 e1=Q 46.
Re8+ Kh7 47. Re7+ Kh6 0-1

[Event "African Individual Championshi"]
[Site "Windhoek"]
[Date "2007.09.01"]
[Round "1"]
[White "Pascoal, Eduardo A"]
[Black "Frhat, Ali"]
[Result "1-0"]
[WhiteElo "2086"]
[BlackElo "2384"]
[PlyCount "71"]
[EventDate "2007.09.01"]

1. d4 Nf6 2. Nf3 g6 3. e3 Bg7 4. c4 c5 5. Be2 cxd4 6. exd4 d5 7. O-O O-O 8. Qb3
dxc4 9. Qxc4 Nc6 10. Rd1 Be6 11. Qb5 Qd6 12. Nc3 a6 13. Qc5 Qxc5 14. dxc5 Rac8
15. Ng5 Bf5 16. Be3 h6 17. Nh3 Ng4 18. Nf4 Nxe3 19. fxe3 Bxc3 20. bxc3 e5 21.
Nd5 Be6 22. Rab1 Bxd5 23. Rxd5 Rc7 24. Rb6 Re7 25. Kf2 Rfe8 26. e4 h5 27. Bc4
Rc7 28. Bb3 Rec8 29. Ba4 Nd8 30. Rbd6 Ne6 31. c6 Nf4 32. Ra5 bxc6 33. Rxa6 Rb8
34. Bb3 c5 35. Rac6 Rxc6 36. Rxc6 1-0

[Event "African Individual Championshi"]
[Site "Windhoek"]
[Date "2007.09.01"]
[Round "1"]
[White "Hassan, Sayed Barakat"]
[Black "Tjipueja, Werner"]
[Result "1-0"]
[WhiteElo "2375"]
[BlackElo "2083"]
[PlyCount "39"]
[EventDate "2007.09.01"]

1. e4 c5 2. Nc3 Nc6 3. f4 d6 4. Nf3 Nf6 5. Bb5 e6 6. O-O Be7 7. d3 O-O 8. Bxc6
bxc6 9. e5 Nd5 10. Ne4 dxe5 11. fxe5 Ba6 12. c4 Nb4 13. Nf2 Bb7 14. a3 Na6 15.
Ne4 Qb6 16. Nfg5 h6 17. Qh5 hxg5 18. Bxg5 Bd8 19. Bf6 Qxb2 20. Qg5 1-0

[Event "African Individual Championshi"]
[Site "Windhoek"]
[Date "2007.09.01"]
[Round "1"]
[White "Mandiza, Farai"]
[Black "Onabogun, Kolade"]
[Result "0-1"]
[WhiteElo "2366"]
[BlackElo "1890"]
[PlyCount "130"]
[EventDate "2007.09.01"]

1. d4 f5 2. Bg5 h6 3. Bh4 g6 4. Nc3 d5 5. e3 Bg7 6. Bg3 c6 7. Nf3 Nd7 8. Nh4
Nf8 9. Bd3 Nf6 10. Be5 e6 11. Ne2 g5 12. Nf3 Ng6 13. Ng3 g4 14. Bxf6 Bxf6 15.
Nd2 h5 16. h3 Nh4 17. Bf1 e5 18. dxe5 Bxe5 19. c3 Qb6 20. Qb3 Bxg3 21. Qxb6
Bxf2+ 22. Kxf2 axb6 23. g3 Ng6 24. h4 Ne5 25. Be2 O-O 26. a3 Be6 27. Nb3 c5 28.
Nc1 Rad8 29. Rd1 Rfe8 30. Nd3 Nxd3+ 31. Rxd3 Kf7 32. Rad1 Kf6 33. Bf1 Rd7 34.
Bg2 Red8 35. Bh1 Ke5 36. Re1 Rd6 37. Red1 Bf7 38. Bg2 Be8 39. Re1 Bb5 40. Rd2
R8d7 41. Bh1 Ba4 42. Bg2 Kf6 43. b4 Bb5 44. Ra1 Bc4 45. a4 Re6 46. a5 Rde7 47.
axb6 cxb4 48. cxb4 Rxe3 49. Ra8 Re2+ 50. Rxe2 Rxe2+ 51. Kg1 Re6 52. Rh8 Ke5 53.
Rxh5 Rxb6 54. Rh8 Rxb4 55. h5 Kf6 56. Rg8 d4 57. Rg6+ Kf7 58. Rg5 Rb1+ 59. Kh2
d3 60. Rxf5+ Kg7 61. Rf2 Re1 62. Bf1 Re2 63. Kg1 Rxf2 64. Kxf2 d2 65. Be2 Bb3
0-1

[Event "African Individual Championshi"]
[Site "Windhoek"]
[Date "2007.09.01"]
[Round "1"]
[White "Andrade, Ivan"]
[Black "Chimthere, Alfred Charles"]
[Result "1-0"]
[WhiteElo "2134"]
[BlackElo "1968"]
[PlyCount "93"]
[EventDate "2007.09.01"]

1. e4 d6 2. d4 Nf6 3. Nc3 g6 4. f3 Nbd7 5. Be3 Nb6 6. Qd2 Bd7 7. Bh6 c6 8. Bxf8
Rxf8 9. g4 Ng8 10. O-O-O Qc7 11. Qe3 O-O-O 12. a4 d5 13. e5 e6 14. f4 Ne7 15.
b3 Kb8 16. Kb2 Nbc8 17. Nf3 Qa5 18. Ka3 Qc7 19. Ng5 h6 20. Nh7 Rh8 21. Nf6 Ng8
22. Nxg8 Rdxg8 23. Kb2 Ne7 24. Bd3 Rc8 25. Ne2 c5 26. dxc5 Qxc5 27. Qxc5 Rxc5
28. h4 Rcc8 29. h5 gxh5 30. Rxh5 Rcg8 31. Rdh1 Rxg4 32. Rxh6 Rxh6 33. Rxh6 Rg7
34. Rh8+ Kc7 35. Rf8 Ng6 36. Bxg6 fxg6 37. Nd4 g5 38. f5 exf5 39. e6 Re7 40.
exd7 Kxd7 41. Rxf5 Rg7 42. Rxd5+ Ke8 43. Rd8+ Kxd8 44. Ne6+ Ke7 45. Nxg7 Kf6
46. Nh5+ Kf5 47. Kc3 1-0

[Event "African Individual Championshi"]
[Site "Windhoek"]
[Date "2007.09.02"]
[Round "2"]
[White "Chumfwa, Stanley"]
[Black "Amin, Bassem"]
[Result "1/2-1/2"]
[WhiteElo "2329"]
[BlackElo "2535"]
[PlyCount "61"]
[EventDate "2007.09.01"]

1. e4 e5 2. Nf3 Nc6 3. Bb5 a6 4. Ba4 Nf6 5. O-O Be7 6. Re1 b5 7. Bb3 d6 8. c3
O-O 9. h3 Nb8 10. d4 Nbd7 11. Nbd2 Bb7 12. Bc2 Re8 13. Nf1 Bf8 14. Ng3 g6 15.
b3 d5 16. Bg5 h6 17. Bh4 g5 18. Nxg5 hxg5 19. Bxg5 exd4 {#} 20. e5 Rxe5 21.
Rxe5 Nxe5 22. cxd4 Nc6 23. Nh5 Be7 24. Bxf6 Bxf6 25. Qd3 Bxd4 26. Qh7+ Kf8 27.
Qh6+ Ke8 28. Re1+ Ne7 29. Bf5 Bc8 30. Qc6+ Kf8 31. Qh6+ 1/2-1/2

[Event "African Individual Championshi"]
[Site "Windhoek"]
[Date "2007.09.02"]
[Round "2"]
[White "El Gindy, Essam"]
[Black "Solomon, Kenny"]
[Result "1/2-1/2"]
[WhiteElo "2507"]
[BlackElo "2344"]
[PlyCount "33"]
[EventDate "2007.09.01"]

1. d4 Nf6 2. Nf3 c5 3. e3 d5 4. c4 cxd4 5. exd4 g5 6. Nc3 Bg7 7. Bxg5 Be6 8.
Qb3 dxc4 9. Bxc4 Bxc4 10. Qxc4 O-O 11. O-O Nbd7 12. Rfe1 e6 13. Rad1 Rc8 14.
Qe2 h6 15. Bh4 Nb6 16. Ne5 Nbd5 17. Ne4 1/2-1/2

[Event "African Individual Championshi"]
[Site "Windhoek"]
[Date "2007.09.02"]
[Round "2"]
[White "Abdelnabbi, Imed"]
[Black "Aderito, Pedro"]
[Result "0-1"]
[WhiteElo "2484"]
[BlackElo "2305"]
[PlyCount "47"]
[EventDate "2007.09.01"]

1. Nf3 Nf6 2. c4 e6 3. g3 b6 4. Bg2 Bb7 5. d4 d5 6. Qa4+ c6 7. O-O Be7 8. Nc3
O-O 9. Ne5 a6 10. Rd1 b5 11. Qb3 Nbd7 12. a4 b4 13. Na2 Nxe5 14. dxe5 Nd7 15.
cxd5 cxd5 16. Be3 a5 17. Bd4 Bc5 18. Qe3 Qb6 19. Nc1 Bxd4 20. Rxd4 Rac8 21. Nb3
Rc2 22. Rb1 Ba6 23. Bf3 Bc4 24. Na1 0-1

[Event "African Individual Championshi"]
[Site "Windhoek"]
[Date "2007.09.02"]
[Round "2"]
[White "Solomons, Deon"]
[Black "Belkhodja, Slim"]
[Result "0-1"]
[WhiteElo "2233"]
[BlackElo "2478"]
[PlyCount "84"]
[EventDate "2007.09.01"]

1. Nf3 d6 2. g3 g6 3. Bg2 Bg7 4. c4 Nf6 5. Nc3 O-O 6. O-O e5 7. d3 Nc6 8. Rb1
Re8 9. Nd2 Be6 10. Nd5 Qc8 11. b4 Ne7 12. Nxf6+ Bxf6 13. Ne4 Bg7 14. Ng5 Bd7
15. e4 h6 16. Nf3 f5 17. exf5 Nxf5 18. Re1 Qd8 19. Nd2 Rb8 20. b5 Qf6 21. Ne4
Qf7 22. Be3 Nd4 23. Bxd4 exd4 24. Qd2 Be6 25. Re2 Kh7 26. Rbe1 b6 27. Qc2 Bg4
28. f3 Bd7 29. f4 Rbd8 30. Rf1 d5 31. cxd5 Bxb5 32. a4 Ba6 33. Rc1 Re7 34. Ree1
Red7 35. Bh3 Qxd5 36. Bxd7 Rxd7 37. Rcd1 c5 38. Nd2 Bb7 39. Ne4 Rc7 40. Qc4 Qh5
41. Re2 Bd5 42. Ng5+ Qxg5 0-1

[Event "African Individual Championshi"]
[Site "Windhoek"]
[Date "2007.09.02"]
[Round "2"]
[White "Ezat, Mohamed"]
[Black "Pascoal, Eduardo A"]
[Result "1-0"]
[WhiteElo "2438"]
[BlackElo "2086"]
[PlyCount "39"]
[EventDate "2007.09.01"]

1. d4 Nf6 2. c4 e6 3. Nc3 d5 4. cxd5 exd5 5. Bf4 Bd6 6. Bg3 O-O 7. e3 c6 8. Qb3
Bxg3 9. hxg3 Qb6 10. Qc4 Re8 11. Nf3 Nbd7 12. g4 Nf8 13. g5 Ne4 14. Bd3 Qb5 15.
a3 c5 16. dxc5 Qxc5 17. Nb5 Qxc4 18. Bxc4 Re7 19. Rd1 a6 20. Nbd4 1-0

[Event "African Individual Championshi"]
[Site "Windhoek"]
[Date "2007.09.02"]
[Round "2"]
[White "Kawuma, Steven Male"]
[Black "Simutowe, Amon"]
[Result "0-1"]
[WhiteElo "2144"]
[BlackElo "2421"]
[PlyCount "100"]
[EventDate "2007.09.01"]

1. e4 c6 2. d4 d5 3. exd5 cxd5 4. c4 Nf6 5. Nc3 e6 6. Nf3 Bb4 7. Bd3 dxc4 8.
Bxc4 O-O 9. O-O a6 10. Bf4 b5 11. Be2 Nc6 12. a4 bxa4 13. Qxa4 Bb7 14. Bg5 a5
15. Rfd1 Ne7 16. Ne5 Ne4 17. Nxe4 Bxe4 18. Bf3 Bxf3 19. Nxf3 Qd5 20. Bxe7 Bxe7
21. Ne5 Rfc8 22. Rdc1 g6 23. h3 Kg7 24. Nc6 Bd6 25. Rc3 Rc7 26. Rac1 Rb7 27. b3
Rb4 28. Qa2 Rb6 29. Qc2 Raa6 30. g3 h5 31. h4 Ba3 32. Ra1 Bb4 33. Nxb4 axb4 34.
Rxa6 Rxa6 35. Rd3 Ra1+ 36. Rd1 Ra3 37. Rb1 Qxd4 38. Qc4 Qd2 39. Qe4 Ra2 40.
Qe5+ Kg8 41. Qf6 e5 42. Rf1 e4 43. Qg5 Qe2 44. Qf4 Rb2 45. Rc1 Qf3 46. Rc8+ Kh7
47. Rh8+ Kxh8 48. Qe5+ Kg8 49. Qxb2 e3 50. Kf1 Qd1+ 0-1

[Event "African Individual Championshi"]
[Site "Windhoek"]
[Date "2007.09.02"]
[Round "2"]
[White "Onabogun, Kolade"]
[Black "Hassan, Sayed Barakat"]
[Result "1-0"]
[WhiteElo "1890"]
[BlackElo "2375"]
[PlyCount "107"]
[EventDate "2007.09.01"]

1. e4 d5 2. exd5 Nf6 3. Bb5+ Bd7 4. Be2 Nxd5 5. d4 Bf5 6. Nf3 e6 7. O-O Be7 8.
a3 O-O 9. c4 Nb6 10. Nc3 Nc6 11. h3 Bf6 12. Be3 Bg6 13. b4 e5 14. d5 e4 15. Nd4
Nxd4 16. Bxd4 c6 17. Rc1 cxd5 18. c5 Nd7 19. Nxd5 Bg5 20. Rc4 Re8 21. Qa1 Nf8
22. Ne3 Ne6 23. Bc3 Bxe3 24. fxe3 Qg5 25. Qc1 f5 26. Bb2 Qg3 27. Rc2 Ng5 28.
Bc4+ Kh8 29. Kh1 Rad8 30. Qa1 Ne6 31. Bxe6 Rxe6 32. Bxg7+ Kg8 33. Bh6 Qe5 34.
Qxe5 Rxe5 35. Bf4 Red5 36. b5 Rc8 37. Rfc1 Be8 38. a4 Kf7 39. c6 bxc6 40. bxc6
Ke6 41. Rc4 Ra5 42. Rd4 Rd5 43. Rxd5 Kxd5 44. c7 Bxa4 45. Ra1 Bd7 46. Rxa7 Rg8
47. Ra6 Bc6 48. Rb6 Rc8 49. Kh2 Kc5 50. Rb8 Bd7 51. Kg3 Kc4 52. Kh4 Kd3 53. Kg5
Ke2 54. Kf6 1-0

[Event "African Individual Championshi"]
[Site "Windhoek"]
[Date "2007.09.02"]
[Round "2"]
[White "Adu, Oladapo"]
[Black "Andrade, Ivan"]
[Result "0-1"]
[WhiteElo "2294"]
[BlackElo "2134"]
[PlyCount "68"]
[EventDate "2007.09.01"]

1. e4 c5 2. Nf3 d6 3. d4 cxd4 4. Nxd4 Nf6 5. Nc3 a6 6. Bg5 e6 7. f4 Qb6 8. Nb3
Be7 9. Qf3 Nbd7 10. O-O-O Qc7 11. Bd3 b5 12. Rde1 Rb8 13. e5 Bb7 14. Qf1 b4 15.
Nb1 dxe5 16. fxe5 Nd5 17. Bxe7 Nxe7 18. N1d2 Nxe5 19. Bxa6 Bxa6 20. Qxa6 O-O
21. Qe2 Rfc8 22. Nd4 N5g6 23. Kb1 e5 24. N4b3 Qxc2+ 25. Ka1 Ra8 26. Qe4 f5 27.
Qxb4 Nd5 28. Qb7 Nc3 29. Qxc8+ Rxc8 30. bxc3 Qxc3+ 31. Kb1 Qc2+ 32. Ka1 Ra8 33.
Nc1 Nf4 34. Ndb3 e4 0-1

[Event "African Individual Championshi"]
[Site "Windhoek"]
[Date "2007.09.02"]
[Round "2"]
[White "Frhat, Ali"]
[Black "Masango, S."]
[Result "1-0"]
[WhiteElo "2384"]
[BlackElo "2140"]
[PlyCount "99"]
[EventDate "2007.09.01"]

1. e4 e5 2. Nf3 Nc6 3. Bb5 Nf6 4. O-O Nxe4 5. Re1 Nd6 6. Nxe5 Nxe5 7. Rxe5+ Be7
8. Bf1 O-O 9. d4 Bf6 10. Re1 Nf5 11. c3 d5 12. Bd3 Ne7 13. Qc2 Ng6 14. Nd2 Re8
15. Rxe8+ Qxe8 16. Nf1 b5 17. Bd2 Bd7 18. Ng3 Qd8 19. Re1 a5 20. Qd1 b4 21. Qh5
bxc3 22. bxc3 c6 23. Nf5 Bxf5 24. Qxf5 Nf8 25. Rb1 Rb8 26. Bf1 Rxb1 27. Qxb1
Ne6 28. a4 c5 29. Qb5 cxd4 30. c4 dxc4 31. Bxa5 Qc8 32. Qxc4 Qxc4 33. Bxc4 Nc5
34. Bb5 d3 35. Bb4 Bd4 36. Kf1 Ne4 37. Bxd3 Nxf2 38. Bb5 Ng4 39. a5 Nxh2+ 40.
Ke2 Ng4 41. a6 h5 42. Kd3 Ba7 43. Bc3 Kf8 44. Bd4 Bb8 45. Bc5+ Kg8 46. Kc4 Nf6
47. Bc6 Kh7 48. Kb5 Kg6 49. Kb6 Ng4 50. Kb7 1-0

[Event "African Individual Championshi"]
[Site "Windhoek"]
[Date "2007.09.02"]
[Round "2"]
[White "Magana, Ben"]
[Black "Adly, Ahmed"]
[Result "1-0"]
[WhiteElo "2151"]
[BlackElo "2488"]
[PlyCount "95"]
[EventDate "2007.09.01"]

1. e4 c5 2. Nf3 d6 3. c3 Nf6 4. h3 g6 5. Bd3 Bg7 6. O-O O-O 7. Re1 Nc6 8. Bf1
Bd7 9. d4 cxd4 10. cxd4 d5 11. e5 Ne4 12. Nbd2 Bf5 13. Nb3 a5 14. a4 f6 15.
exf6 Bxf6 16. Bh6 Rf7 17. Rc1 Qd6 18. Nc5 Nxc5 19. dxc5 Qd7 20. Ng5 Bxg5 21.
Bxg5 e5 22. Bb5 e4 23. Bxc6 bxc6 24. Qd4 Rb8 25. Bd2 Qc7 26. Bc3 Rg7 27. Qd2
Rd7 28. Qd4 Rg7 29. Qd2 Re7 30. Bxa5 Qa7 31. b4 Rf7 32. Qd4 Re8 33. Rc3 h6 34.
Ra1 g5 35. Rb3 Kh7 36. Bb6 Qa8 37. b5 Bd7 38. Bc7 Qb7 39. Bd6 Bc8 40. Rab1 Bd7
41. bxc6 Qxc6 42. a5 Qa8 43. Rb7 {#} 43... Qxa5 44. Qxd5 Kg6 45. Be5 Be6 46.
Qxe4+ Bf5 47. R1b6+ Qxb6 48. Rxb6+ 1-0

[Event "African Individual Championshi"]
[Site "Windhoek"]
[Date "2007.09.02"]
[Round "2"]
[White "Tjipueja, Werner"]
[Black "Sarwat, Walaa"]
[Result "0-1"]
[WhiteElo "2083"]
[BlackElo "2388"]
[PlyCount "90"]
[EventDate "2007.09.01"]

1. e4 e5 2. Nf3 Nc6 3. d4 exd4 4. Nxd4 Nf6 5. Nxc6 bxc6 6. e5 Qe7 7. Qe2 Nd5 8.
c4 Nb6 9. g3 g6 10. b3 Bg7 11. f4 Ba6 12. Ba3 Qe6 13. Nc3 d6 14. Ne4 O-O 15.
O-O-O Rfe8 16. Ng5 Qe7 17. Bg2 Bxe5 18. Qxe5 dxe5 19. Bxe7 Rxe7 20. Bxc6 Rf8
21. c5 Nc8 22. Rhe1 h6 23. Nh3 f6 24. fxe5 fxe5 25. Re3 g5 26. Re4 Kg7 27. b4
Bf1 28. Bd7 Bg2 29. Ree1 e4 30. Ng1 e3 31. h4 Re4 32. hxg5 hxg5 33. a3 Ne7 34.
Bh3 Rf2 35. Bxg2 Rxg2 36. Ne2 Rc4+ 37. Kb2 Nc6 38. Rd7+ Kf6 39. Kb3 Re4 40.
Rxc7 Re6 41. b5 Ne5 42. Nd4 Nd3 43. Rh1 Re8 44. Kc3 Nf2 45. Rxa7 Nxh1 0-1

[Event "African Individual Championshi"]
[Site "Windhoek"]
[Date "2007.09.02"]
[Round "2"]
[White "Njili, Kamel"]
[Black "Van Den Heever, Donovan"]
[Result "0-1"]
[WhiteElo "2366"]
[BlackElo "2151"]
[PlyCount "96"]
[EventDate "2007.09.01"]

1. e4 c5 2. Nf3 d6 3. d4 cxd4 4. Nxd4 Nf6 5. Nc3 Nc6 6. Bc4 Qb6 7. Nxc6 bxc6 8.
O-O g6 9. Qe1 Qc5 10. Qe2 Bg7 11. Be3 Qb4 12. Rab1 Ng4 13. Bd2 Ne5 14. Bb3 a5
15. Na4 Ba6 16. Qe3 Qb7 17. Rfe1 O-O 18. h3 Rfb8 19. Bc3 Bb5 20. f4 Bxa4 21.
Bxa4 Nc4 22. Qd3 Bxc3 23. Qxc3 Qb4 24. Bxc6 Qb6+ 25. Kh2 Qxc6 26. b3 Ne5 27.
Qd2 Nd7 28. c3 Rc8 29. Rbc1 a4 30. b4 Nb6 31. f5 Qb5 32. e5 dxe5 33. Qg5 f6 34.
Qg3 g5 35. h4 h6 36. Re4 Rc4 37. Rce1 Rxe4 38. Rxe4 Rc8 39. hxg5 hxg5 40. Rh4
Rxc3 41. Qxc3 gxh4 42. Qf3 Qxb4 43. Qh5 Qf4+ 44. Kh1 Nd7 45. Qg6+ Kf8 46. Qh7
Qg5 47. Qh8+ Kf7 48. Qc8 Qxf5 0-1

[Event "African Individual Championshi"]
[Site "Windhoek"]
[Date "2007.09.02"]
[Round "2"]
[White "Khetho, Phemelo"]
[Black "Eichab, Charles"]
[Result "1/2-1/2"]
[WhiteElo "2240"]
[BlackElo "2062"]
[PlyCount "72"]
[EventDate "2007.09.01"]

1. e4 e5 2. Nf3 Nf6 3. Nxe5 d6 4. Nf3 Nxe4 5. d4 d5 6. Bd3 Nc6 7. O-O Bg4 8. c4
Nf6 9. Nc3 Be7 10. cxd5 Nxd5 11. Re1 O-O 12. Nxd5 Qxd5 13. Be4 Qd6 14. Be3 Bf6
15. Qd3 Bxf3 16. Bxf3 Nxd4 17. Be4 g6 18. Rad1 Rad8 19. h3 Qb4 20. Qb1 c5 21.
Bd2 Nf3+ 22. Bxf3 Rxd2 23. Rxd2 Qxd2 24. Re2 Qd7 25. Qc2 b6 26. b3 Rd8 27. Qe4
Kg7 28. Kh2 Qc7+ 29. g3 Rd4 30. Qe3 Rd8 31. Qe4 Rd4 32. Qe3 Rd8 33. Kg2 Qd6 34.
Qe4 Qc7 35. h4 Rd4 36. Qe3 h5 1/2-1/2

[Event "African Individual Championshi"]
[Site "Windhoek"]
[Date "2007.09.02"]
[Round "2"]
[White "Nadir, Samir"]
[Black "Steel, Henry Robert"]
[Result "1/2-1/2"]
[WhiteElo "2164"]
[BlackElo "2200"]
[PlyCount "94"]
[EventDate "2007.09.01"]

1. c4 e5 2. Nc3 Nf6 3. g3 d5 4. cxd5 Nxd5 5. Bg2 Nb6 6. Nf3 Nc6 7. O-O Be7 8.
d3 O-O 9. Be3 Be6 10. Rc1 Qd7 11. Ne4 f6 12. Bc5 Bd5 13. Bxe7 Qxe7 14. Nc5 Nd8
15. e4 Bf7 16. d4 c6 17. dxe5 fxe5 18. Qc2 Bc4 19. Nd3 Nf7 20. b3 Bxd3 21. Qxd3
Rfd8 22. Qc3 Nc8 23. Nd2 Ncd6 24. a4 b6 25. Qe3 Rac8 26. h4 Nb7 27. Bh3 Rc7 28.
Rfd1 Nfd6 29. Nc4 Nxc4 30. Rxd8+ Nxd8 31. Rxc4 c5 32. b4 Nc6 33. bxc5 Nd4 34.
c6 Rxc6 35. Rxc6 Nxc6 36. Qb3+ Kf8 37. Qd5 Qc7 38. Bf1 Na5 39. Bd3 g6 40. Qe6
Qe7 41. Qd5 Kg7 42. Kg2 Kf8 43. Kh2 Kg7 44. Kg2 Kf8 45. Kg1 Kg7 46. Kf1 Kf8 47.
Kg2 Kg7 1/2-1/2

[Event "African Individual Championshi"]
[Site "Windhoek"]
[Date "2007.09.02"]
[Round "2"]
[White "Chimthere, Alfred Charles"]
[Black "Oatlhotse, Providence"]
[Result "0-1"]
[WhiteElo "1968"]
[BlackElo "2154"]
[PlyCount "72"]
[EventDate "2007.09.01"]

1. d4 Nf6 2. c4 g6 3. Nc3 Bg7 4. Bg5 d6 5. Qd2 h6 6. Bh4 g5 7. Bg3 Bf5 8. f3
Nbd7 9. e4 Bg6 10. O-O-O Nh5 11. Bf2 e5 12. Nge2 c6 13. Kb1 O-O 14. g4 Nf4 15.
Nxf4 exf4 16. h4 a6 17. hxg5 hxg5 18. Bd3 Qf6 19. Ka1 Rfe8 20. e5 dxe5 21. Ne4
Qe7 22. Nxg5 Bxd3 23. Qxd3 Qxg5 24. Qh7+ Kf8 25. dxe5 Qxe5 26. Qc2 Re7 27. Bh4
Rae8 28. Bxe7+ Rxe7 29. Rh2 a5 30. a3 Qe3 31. Rd3 Qg1+ 32. Rd1 Re1 33. Rhd2 Nc5
34. a4 Rxd1+ 35. Rxd1 Qe3 36. Qf5 Qa3+ 0-1